[Event "DEN-ch"]
[Site "Aalborg"]
[Date "2000.04.20"]
[Round "5"]
[White "Mortensen, Erling"]
[Black "Fries Nielsen, Jens Ove"]
[Result "1-0"]
[WhiteElo "2447"]
[BlackElo "2430"]
[Annotator "Mortensen,E"]
[PlyCount "89"]
[EventDate "2000.04.15"]
[EventType "tourn"]
[EventRounds "9"]
[EventCountry "DEN"]
[EventCategory "11"]
[SourceTitle "CBM 077"]
[Source "ChessBase"]
[SourceDate "2000.07.27"]
[SourceVersion "1"]
[SourceVersionDate "2000.07.27"]
[SourceQuality "1"]

1. e4 c5 2. Nf3 e6 3. d3 Nc6 4. g3 Nge7 5. Bg2 g6 6. c3 Bg7 7. d4 ({Another
try is} 7. Be3 b6 8. d4 cxd4 9. Nxd4 Bb7 {but it is not easy to take advantage
of the weaknesses in the d-file.}) 7... cxd4 8. cxd4 d5 9. e5 Nf5 10. Nc3 O-O
11. O-O f6 12. Re1 {The idea of Ljubojevic. White keeps the pawn on e5
controlling the squares d6 og f6. After exf6 the pressure on the d4-pawn could
become unpleasant.} (12. g4 Nfe7 (12... Nh4 $5 13. Nxh4 fxe5) 13. exf6 Rxf6 14.
Be3 Qf8 15. Qe2 Rf4 16. Bxf4 {1/2-1/2 Iordachescu,V-Djurhuus,R/Yerevan 1996/
EXT 97 (57)} (16. h3 $5)) 12... Bd7 (12... Kh8 13. h4 $6 (13. Bf4) 13... Bd7
14. Bf4 fxe5 15. dxe5 Nxh4 $1 16. Nxh4 g5 $17 {happened in two games: 0-1 Van
der Weide,K-Glek,I/Germany 1998/GER-chT2 (41) and 0-1 Dvorietzky,M-Kalinin,A/
Wijk aan Zee 1999/EXT 2000 (38)}) (12... fxe5 13. dxe5 Bd7 14. Bf4 h6 15. h4
Be8 16. Qd2 Qb6 17. Rad1 Rd8 18. Na4 Qb5 19. b3 Kh7 20. Bf1 Qb4 21. Qxb4 Nxb4
22. Nc5 Bf7 23. a3 b6 24. axb4 bxc5 25. bxc5 Rb8 26. Rb1 a5 27. Bd2 Rfc8 28.
Rec1 g5 29. Bd3 g4 30. Nd4 Bg6 31. Nxf5 Bxf5 32. Bxf5+ exf5 33. Bxa5 Bxe5 34.
b4 Rb5 35. Rd1 d4 36. Kf1 Re8 37. Re1 Re7 38. Rbd1 Kg6 39. Rxd4 Bxd4 40. Rxe7
Kf6 41. Bd8 {1-0 Ljubojevic,L-Timman,J/Hilversum 1973/MCD (41)}) 13. Bf4 Rc8 (
13... g5 14. exf6 Bxf6 15. Be5 g4 (15... Bxe5 16. dxe5 $14) 16. Bxf6 Qxf6 17.
Ne5 $14) 14. Qd2 fxe5 15. dxe5 Be8 {Black avoids h7-h6, but this gives white
some attacking chances on the dark squares.} (15... Qb6 $2 16. Nxd5 exd5 17.
Qxd5+ Rf7 18. e6 $18) 16. Rad1 Qa5 ({Probably} 16... Qb6 {was stronger.
Compared to the game Ljubojevic-Timman the rook is on c8 instead of d8, which
makes it more difficult for the white knight to reach c5.}) 17. a3 ({Before
starting the attack b4 is taken away from the black queen.} 17. g4 Nfe7 18. Bh6
Qb4 $5) 17... a6 (17... Qb6 18. b4 $1) 18. g4 Nfe7 19. Bh6 b5 {The counterplay
connected with this move is to slow.} ({Possible was} 19... Nd8 20. Bxg7 Kxg7
21. Re3 b5 22. b4 Qb6 23. Ne2 $14) 20. Qg5 b4 21. Ne2 bxa3 22. Bxg7 Kxg7 23.
Nf4 Rxf4 $2 {Panic in timetrouble. It was better to enter the complications
after} (23... Bf7 24. Nh5+ Kg8 25. Nf6+ Kg7 26. Nd7 (26. bxa3) 26... axb2 27.
Qf6+ Kg8 28. Ng5 Qb4 $14) 24. Qxf4 Bd7 25. bxa3 Rf8 $6 (25... Qxa3 26. Qf6+ Kg8
27. Qh4 $16) 26. Qe3 $18 Qa4 27. Nd4 (27. h3 $1) 27... Qa5 28. Rc1 Nxd4 29.
Qxd4 Nc6 30. Qc3 Qxc3 31. Rxc3 Rf4 32. h3 Kh6 33. Rb3 Nd4 34. Rb4 $6 a5 (34...
Bb5 $1 $16) 35. Rb2 Kg5 (35... Bb5 36. Re3 Kg5 37. Bf1 $18) 36. Rb7 Bb5 37.
Rxh7 Ne2+ 38. Rxe2 Bxe2 39. Kh2 $1 Rxf2 40. Kg3 {Threatening mate.} Rxg2+ 41.
Kxg2 Kf4 42. Kf2 Bd1 43. Rf7+ Kxe5 44. Ke1 Bc2 45. h4 1-0

[Event "RUS-chT 17th"]
[Site "Dagomys"]
[Date "2010.04.07"]
[Round "6"]
[White "Ivanov, Alexander Al"]
[Black "Motylev, Alexander"]
[Result "0-1"]
[WhiteElo "2481"]
[BlackElo "2705"]
[Annotator "Motylev,A"]
[PlyCount "60"]
[EventDate "2010.04.01"]
[EventType "team-tourn"]
[EventRounds "9"]
[EventCountry "RUS"]
[SourceTitle "EXT 2020"]
[Source "ChessBase"]
[SourceDate "2019.10.17"]
[SourceVersion "1"]
[SourceVersionDate "2019.10.17"]
[SourceQuality "1"]
[WhiteTeam "Belgorod BelGu"]
[BlackTeam "Tomsk 400"]
[WhiteTeamCountry "RUS"]
[BlackTeamCountry "RUS"]

{Just two rounds before Ivanov have drawn versus Ivanchuk so I had prepared
very thoroughly.} 1. e4 c5 2. Nf3 e6 3. d3 Nc6 4. g3 g6 5. Bg2 Bg7 6. O-O Nge7
7. c3 O-O 8. Re1 e5 9. Nbd2 d6 {I was quite happy to get this position but my
opponent surprised me by very unusual setup and I started to play every move
carefully.} 10. Nf1 h6 11. h4 $5 f5 12. N3h2 f4 {Usually it's very good for
Black to achieve this advance, but it was not so easy for me to find the way
to strenghten the position.} 13. Bf3 $1 Bd7 {Black wants to keep his
white-squared bishop, but it looks quite unnatural.} (13... g5 $2 {would be a
mistake in view of} 14. hxg5 hxg5 15. Bg4) ({I didn't like} 13... h5 $6 {
because of} 14. Bg2 {and the white knights will go to f3 and g5.}) ({Perhaps
Black should have played} 13... Kh8 {and if} 14. Bg4 {then} d5 $1) 14. Bg4 Be8
15. Nf3 (15. h5 $5 Kh8) 15... Kh8 16. N1h2 d5 $5 ({A different plan was
connected with advancing queenside pawns -} 16... b5 $5 17. a3 a5) 17. Qe2 $2 (
{Here White should have played} 17. gxf4 $1 exf4 18. e5 $1 {with a completely
unclear position.}) 17... fxg3 $1 (17... Qc7 $6 18. gxf4 $1 exf4 19. e5 $1 $13)
18. fxg3 c4 $5 {An interesting pawn sacrifice.} ({Black could keep a slight
advantage by playing} 18... Qd6) 19. dxc4 dxe4 20. Qxe4 ({Perhaps better was} 
20. Nd2 {with big complications:} e3 $1 (20... h5 21. Bh3 e3) 21. Ndf1 (21. Ne4
Nd4 $1 22. cxd4 exd4 23. Bxe3 dxe3 24. Rad1 Qc7 25. Qxe3 Nf5 26. Bxf5 Rxf5 27.
Nd6 Re5 28. Qf2 Rxe1+ 29. Qxe1 Bc6 $15) 21... Nd4 $5 (21... e4 22. Bxe3 Qc7 23.
Rad1 $13) 22. cxd4 exd4 23. Nxe3 dxe3 24. Bxe3 Qc7 $44) 20... Nf5 $1 21. Kg2 (
21. Nf1 Nd6 ({Also possible, but perhaps less strong was} 21... Qf6 22. Qc2 Rd8
$44) ({or} 21... Qc7 $44) 22. Qe2 e4 23. Nd4 $1 (23. N3d2 Ne5 24. Nxe4 Nxe4 25.
Qxe4 Bc6 $19) (23. N3h2 Ne5 $17) 23... Nxd4 24. cxd4 b5 $5 25. c5 Bxd4+ 26. Be3
Nc4 27. Rad1 Nxe3 28. Nxe3 Qd5 $1 $17) 21... Qc7 $1 ({Now} 21... Nd6 {is much
less effective:} 22. Qe2 e4 23. Nd4 Nxd4 24. cxd4 Bxd4 25. Be3 $13) 22. b3 ({
And after} 22. c5 Rd8 $36 {Black has very good attacking prospects.}) 22...
Nce7 $1 23. Nf1 $2 {After 23.Nf1 Black is winning by force.} ({The only
defence was} 23. Nxe5 $1 Bc6 24. Nxc6 Qxg3+ 25. Kh1 Nxc6 26. Bd2 {and White
keeps on fighting.} Rad8 27. Rad1 Be5 $5 28. Nf3 Bc7 29. Rg1 Ne5 $1 $17) 23...
Bc6 24. Qc2 h5 25. Bxf5 Nxf5 $1 26. Re4 Nd6 $1 27. N1d2 (27. Re3 Rxf3 $1 28.
Rxf3 Bxf3+ 29. Kxf3 Qc6+ 30. Kf2 Rf8+ 31. Kg1 Rxf1+ $1 32. Kxf1 Qh1+ 33. Ke2
Qg2+ $19) 27... Rxf3 28. Kxf3 Qf7+ 29. Ke2 Nxe4 30. Nxe4 Qf5 0-1

[Event "USA-ch"]
[Site "San Diego"]
[Date "2004.11.24"]
[Round "1"]
[White "Goletiani, Rusudan"]
[Black "Christiansen, Larry Mark"]
[Result "0-1"]
[WhiteElo "2336"]
[BlackElo "2531"]
[Annotator "Mueller,Karsten"]
[PlyCount "114"]
[EventDate "2004.11.24"]
[EventType "swiss"]
[EventRounds "9"]
[EventCountry "USA"]
[SourceTitle "CBM 105"]
[Source "ChessBase"]
[SourceDate "2005.04.11"]
[SourceVersion "1"]
[SourceVersionDate "2005.04.11"]
[SourceQuality "1"]

1. Nf3 c5 2. b3 d6 3. c4 e5 4. Nc3 Nc6 5. d3 g6 6. e4 Bg7 7. g3 Nge7 8. Bg2 a6
9. O-O Rb8 10. Bg5 h6 11. Bd2 O-O 12. Nd5 b5 13. Rb1 Kh7 14. Nxe7 Qxe7 15. Ne1
bxc4 16. dxc4 Nd4 17. Nc2 f5 18. Nxd4 cxd4 19. Qe2 Bb7 20. Rfe1 Qd7 21. Qd3
fxe4 22. Bxe4 Qh3 23. Re2 Rf5 24. f3 Rf6 25. Rf1 Bxe4 26. Qxe4 Rbf8 27. Ref2
Qf5 28. Kg2 h5 29. h3 Bh6 30. Bxh6 Kxh6 31. h4 a5 32. a3 Rc8 33. Rc1 g5 34.
Qxf5 Rxf5 35. hxg5+ Kxg5 36. b4 axb4 37. axb4 Rf7 38. c5 Rfc7 39. Re1 Kf5 40.
f4 e4 41. cxd6 Rc6 42. Ra2 Rc2+ 43. Rxc2 Rxc2+ {Thema: Kraft verbundener
Freibauern im Turmendspiel} 44. Kh3 $2 (44. Kf1 $1 Rc6 45. b5 Rxd6 46. Rb1 Rb6
47. Ke2 Kg4 48. Rb3 {war stärker. Danach ist nicht klar, ob Schwarz gewinnen
kann.}) 44... Rc6 $1 45. d7 (45. Rc1 Rxd6 (45... Rxc1 $2 46. d7 {und der Bauer
ist durch.}) 46. Rc5+ Kf6 $19) 45... Rd6 46. Kg2 d3 47. b5 (47. Ra1 Rxd7 48.
Kf2 h4 49. Ra5+ Kg6 50. Ra6+ Kf7 51. Ra1 hxg3+ 52. Kxg3 e3 53. Kf3 Re7 $19)
47... h4 $1 {[%mdl 4096] öffnet dem schwarzen König entscheidend den Weg ins
Herz der weißen Stellung.} 48. b6 Rxd7 49. gxh4 Kxf4 50. Kf2 d2 51. Rd1 Rg7 52.
Rb1 (52. b7 e3+ 53. Ke2 Rxb7 54. Rf1+ Ke4 55. Ra1 Rc7 56. Ra3 Kf4 57. Ra4+ Kf5
58. Ra5+ Kg4 59. Ra4+ Kh5 60. Rd4 Rc1 $19) 52... e3+ 53. Ke2 Rg2+ 54. Kd3 e2 $3
{Die Pointe!} 55. Rb4+ (55. Kxd2 e1=Q+ 56. Kxe1 Rg1+ $19) 55... Kf3 56. Kxd2
Rg1 57. Rb3+ Kf2 0-1

[Event "FRA-ch 57 Championnat"]
[Site "Schiltigheim"]
[Date "1982.08.20"]
[Round "5"]
[White "Seret, Jean Luc"]
[Black "Roos, Louis"]
[Result "0-1"]
[WhiteElo "2400"]
[BlackElo "2340"]
[Annotator "Primel,D"]
[PlyCount "56"]
[EventDate "1982.08.16"]
[EventType "swiss"]
[EventRounds "13"]
[EventCountry "FRA"]
[SourceTitle "EXT 2004"]
[Source "ChessBase"]
[SourceDate "2003.11.25"]
[SourceVersion "1"]
[SourceVersionDate "2003.11.25"]
[SourceQuality "1"]

1. g3 c5 2. Bg2 Nc6 3. Nf3 g6 4. d4 {Il est difficile de garder un avantage
d'ouverture pour les blancs et les noirs vont égaliser assez vite} (4. c4 $142
Bg7 5. Nc3 e5 6. O-O Nge7 7. a3 {[%cal Gb2b4,Ga1b1]} d6 8. Rb1 a5 9. d3 O-O 10.
Bg5) 4... cxd4 5. Nxd4 Bg7 6. Nxc6 (6. Nb3 Nf6 7. O-O O-O 8. c4 d6 9. Nc3 Be6
$1 {[%cal Ge6c4]} 10. Nd5 Rc8 $132) 6... bxc6 7. O-O Rb8 8. Nd2 Nf6 9. c4 ({RR
} 9. Nb3 Qc7 10. Bd2 {[%cal Gd2a5]} d6 11. Ba5 Qb7 12. Bc3 Qc7 13. Ba5 Qb7 14.
Bc3 Qc7 {1/2-1/2 Dorfman,J-Psakhis,L/Frunze 1981/URS-ch}) 9... O-O 10. Qc2 $146
({RR} 10. Qa4 Qb6 11. Nb3 c5 12. Nd2 Bb7 13. Bxb7 Rxb7 14. Qc2 Qe6 15. Re1 Qh3
16. Rb1 Ng4 17. Nf1 Rb6 18. f3 Nxh2 19. Nxh2 Qxg3+ 20. Kf1 Qxh2 21. Qe4 Bf6 22.
Qg4 Bh4 23. Be3 f5 24. Qg1 Qh3+ {Byrne,D-Browne,W/San Antonio 1972/MCD/0-1}) ({
RR} 10. e4 Qc7 11. Qc2 d6 12. Rb1 c5 13. b3 Ng4 14. Nf3 f5 15. Bb2 e5 16. Rbd1
f4 17. Qd3 Rb6 18. h3 Nh6 19. gxf4 Rxf4 20. Bc1 Rf8 21. Ng5 Nf7 22. Nxf7 Rxf7
23. f4 exf4 24. Bxf4 Bd4+ {Kogan,B-Forintos,G/Reykjavik 1982/MCD/1/2-1/2 (54)})
10... d5 (10... c5 {Seret,J (2395)-Gheorghiu,F (2475) Bagneux op 17th 1983 1/2}
) 11. Rb1 Bg4 12. e4 $6 Be2 $36 {[%cal Ge2f1,Ge2c4]} 13. Re1 d4 $1 {[%cal
Gd4d3] Probablement oublié par les blancs en jouant 12.e4} 14. Qa4 (14. Rxe2 d3
{[%cal Gd3c2,Gd3e2]}) 14... d3 15. Bf3 Ng4 16. Bxe2 dxe2 17. Qc2 (17. Rxe2 Qd3
$40) 17... Qa5 18. b3 Qh5 $36 {[%csl Rh2] Curieusement Fritz 10 donne
l'égalité alors que les noirs sont nettement mieux.} 19. Nf3 f5 {Les noirs
doivent jouer énergiquement pour profiter de l'avance de développement} 20.
Rxe2 (20. e5 $5 Bxe5 21. Rxe2) 20... fxe4 (20... f4 $1 21. gxf4 (21. Bxf4 $2 e5
22. Bd2 Rxf3) 21... Be5 $1 {[%cal Gf8f3]}) 21. Qxe4 Rxf3 $1 22. Qxf3 Qxh2+ 23.
Kf1 Rf8 24. Qg2 Qh5 25. Bb2 $4 (25. f4 $8 Rd8) 25... Bxb2 26. Rbxb2 Nxf2 27.
Qxc6 Ne4+ 28. Kg1 Rf1+ $1 {[%csl Rh1][%cal Gh5h1]} 0-1

[Event "FRA-ch59 Championat"]
[Site "Ales"]
[Date "1984.08.17"]
[Round "5.2"]
[White "Seret, Jean Luc"]
[Black "Andruet, Gilles"]
[Result "1-0"]
[WhiteElo "2390"]
[BlackElo "2420"]
[Annotator "Primel,D"]
[PlyCount "115"]
[EventDate "1984.08.12"]
[EventType "swiss"]
[EventRounds "13"]
[EventCountry "FRA"]
[SourceTitle "EXT 2004"]
[Source "ChessBase"]
[SourceDate "2003.11.25"]
[SourceVersion "1"]
[SourceVersionDate "2003.11.25"]
[SourceQuality "1"]

1. e4 {il s'agissait de la première rencontre entre les deux joueurs du moins
pour une partie inclue dans les bases.} c5 2. Nf3 e6 3. d3 {La souplesse de
l'ordre de coups permet de suivre les schémas de l'attaque indienne comme dans
la partie ou de basculer vers la variante de la sicilienne fermée par Nc3} Nc6
4. g3 g6 5. Bg2 Bg7 6. O-O Nge7 7. c3 {Controle "d4" mais soutient également
la poussée "b4"} (7. Nc3 {Retombe dans une sicilienne fermée.}) (7. Re1 O-O 8.
c3 e5 {[%csl Rd5] Un coup ambitieux des noirs} (8... d6) 9. a3 $1 {[%cal Gb2b4]
avec l'idée de gagner de l'espace а l'aile-dame en luttant pour le contrôle
des cases noires} d5 $6 {Timman dans son livre consacré au matchs secret de
préparation de Botvinnik crittique à juste titre ce coup trop ambiteux qui
donne une avance de développement aux blancs} (9... d6 $142 10. b4) 10. b4
dxe4 11. dxe4 Qxd1 12. Rxd1 {Botvinnik,M-Furman,S Secret Match
Botvinnik-Furman 60-61 1961 (1) 1-0}) 7... d5 (7... O-O) (7... d6) 8. Na3 $6 {
trés peu joué et parait moins logique que Nbd2 surtout après avoir joué ed5
car la reprise ed5 des noirs contrôle la case "c4" visée par le Na3. Il y a
d'ailleurs peu de parties dans les bases avec Na3 et JL Seret ne l'a pas
rejoué dans une autre partie.} (8. Nbd2 $142 {La ligne principale} O-O 9. Re1
b6 10. e5 Qc7 11. Qe2 Ba6 12. Nf1 h6 13. h4) (8. Qe2) 8... b6 9. exd5 $6 $146 (
9. Re1 {Czerniak,M-Schmid,L Munich ol (Men) qual-B (2) 0-1}) 9... exd5 $1 {
[%csl Ra3,Gc4] Il est difficile de justifier la position excentrée du Na3} 10.
Bf4 {[%cal Ga3b5]} a6 {les noirs n'ont aucun problème mais JL SERET ne
recherche pas forcément а obtenir un avantage d'ouverture} 11. Qd2 O-O 12. Rfe1
Bb7 $11 13. Nc2 {la seule case disponible pour le Na3 hors-jeu mais il sera
ensuite difficile d'améliorer sa position et il est réduit а un rôle défensif}
Qd7 14. h4 $5 (14. b4 $5 {[%cal Gb4c5,Ga1b1,Gb1b7] permettait peut-être
davantage de profiter de Nc2} d4 15. c4 {[%cal Gb4c5]}) 14... Rae8 15. Kh2 $1 {
[%cal Gg2h3,Gh3d7]} (15. h5) 15... Nc8 16. Bh3 f5 $6 {[%csl Re5,Re6] Un
important affaiblissement des cases "e6" et "e5"} (16... Qd8 {plus souple}) 17.
Bg2 (17. h5 Nd6 (17... gxh5 18. Bh6 Nd6 19. Qg5 {[%cal Gg5h5]})) 17... Nd6 18.
Rad1 Nf7 19. d4 $1 {[%csl Rd5,Ge5,Rg7]} c4 $6 {[%cal Gb6b5,Gb5b4] Semble un
peu douteux car les noirs n'ont pas des pièces trés bien placées pour jouer
une attaque de minorité et les blancs vont prendre l'initiative au centre} 20.
Rxe8 $1 {Commence une série d'échange de pièces qui va laisser les blancs avec
des pièces plus actives} Rxe8 21. Re1 b5 22. Re3 Re4 23. Ng5 $1 Re7 (23... Rxe3
24. Nxe3) 24. Rxe7 Nxe7 25. Nxf7 $1 {Continue la lutte pour la case "e5"} Kxf7
26. Be5 $1 $14 {[%csl Rb7]} Qe6 {Echanger le Be5 donnerait une finale
difficile aux noirs avec un mauvais Bb7} 27. Qf4 $36 {avec domination des
cases noires} Bf6 {les noirs commencent а manquer de coups utiles et ils
risquent d'être assez vite en zugwang.} (27... Bxe5 $2 28. dxe5 {[%cal Gc2d4]}
Nc6 $2 29. Nd4 $1 $16 Qxe5 30. Nxc6 Qxf4 31. Bxd5+ $1) 28. Ne3 Ng8 29. h5 $1
Ne7 30. Qh6 Kg8 31. hxg6 hxg6 32. f4 $16 Qf7 33. Kg1 Bg7 34. Qg5 Qe6 {Et non
pas Qe8 dans la partie qui avait été saisie dans la base} (34... Qe8 {La
partie saisie}) 35. g4 fxg4 36. Nxg4 Kf7 37. Ne3 Bf6 38. Qh6 Kg8 39. Bh3 $1 {
[%csl Gh3][%cal Gh3e6]} Qf7 40. Ng4 Bg7 41. Qg5 {Ajournement} Bc8 42. Bg2 Bxg4
43. Qxg4 Qf5 44. Qxf5 gxf5 45. Bd6 {[%csl Rd5] La paire de B est trop forte et
le P d5 va tomber} Kf7 46. Kf2 Bf8 47. Bxe7 {Malgré les B de couleurs opposées,
la finale est gagnante} Kxe7 48. Bxd5 Kd7 49. Bb7 a5 50. Ba6 Kc6 51. Ke3 Be7
52. Bc8 b4 53. Be6 Kb5 54. Bxf5 bxc3 55. bxc3 Ba3 56. Bd7+ Kb6 57. f5 Bc1+ 58.
Ke2 1-0

[Event "Rohde op 10th"]
[Site "Sautron"]
[Date "2010.10.29"]
[Round "8"]
[White "Haub, Thorsten Michael"]
[Black "Spassov, Liuben"]
[Result "1/2-1/2"]
[WhiteElo "2498"]
[BlackElo "2383"]
[Annotator "Primel,D"]
[PlyCount "53"]
[EventDate "2010.10.23"]
[EventType "swiss"]
[EventRounds "9"]
[EventCountry "FRA"]
[SourceTitle "EXT 2012"]
[Source "ChessBase"]
[SourceDate "2011.11.24"]
[SourceVersion "1"]
[SourceVersionDate "2011.11.24"]
[SourceQuality "1"]

1. g3 c5 2. Bg2 Nc6 3. d3 g6 4. e4 Bg7 5. Nf3 e5 6. O-O Nge7 7. c3 O-O 8. Nbd2
d6 9. Nh4 Be6 10. f4 exf4 11. gxf4 f5 12. Ndf3 Kh8 13. Ng5 Qd7 14. Nxe6 Qxe6
15. Qe1 $146 ({RR} 15. Re1 Qd7 16. Bh3 d5 17. Qe2 Rae8 18. Qf2 b6 19. Nf3 c4
20. e5 Nd8 21. dxc4 dxc4 22. Bf1 b5 23. a4 a6 24. axb5 axb5 25. b3 Qc8 26. bxc4
bxc4 27. Nd2 Nd5 28. Nxc4 Nb7 29. Nb6 Nxb6 {Haub,T (2474)-Smolka,A (2132)/
Senden 2006/CBM 114 ext/1-0 (32)}) 15... Qd7 16. Qg3 Rad8 17. Be3 b6 18. exf5 (
18. Rad1 d5 $11) 18... Nxf5 19. Nxf5 gxf5 20. Qf3 Ne7 21. Bf2 Bf6 22. Kh1 Rg8
23. a4 a5 (23... d5) 24. Qb7 Qxb7 25. Bxb7 d5 26. Rae1 Rd6 27. Re2 1/2-1/2

[Event "Sautron op 15th"]
[Site "Sautron"]
[Date "2015.10.27"]
[Round "5.3"]
[White "Ider, Borya"]
[Black "Koziak, Vitali"]
[Result "1/2-1/2"]
[WhiteElo "2464"]
[BlackElo "2472"]
[Annotator "RR"]
[PlyCount "98"]
[EventDate "2015.10.24"]
[EventType "swiss"]
[EventRounds "9"]
[EventCountry "FRA"]
[SourceTitle "CBM 169 Extra"]
[Source "ChessBase"]
[SourceDate "2015.12.18"]
[SourceVersion "1"]
[SourceVersionDate "2015.12.18"]
[SourceQuality "1"]
[TimeControl "40/5400+30:1800+30"]
[WhiteClock "0:55:09"]
[BlackClock "0:09:19"]

1. Nf3 {[%emt 0:00:00]} c5 {[%emt 0:01:58]} 2. b3 {[%emt 0:01:00]} d6 {[%emt 0:
03:47]} 3. d4 {[%emt 0:03:22]} cxd4 {[%emt 0:02:15]} 4. Nxd4 {[%emt 0:00:06]}
Nf6 {[%emt 0:00:50]} (4... e5 5. Nf3) 5. g3 {[%emt 0:00:16]} (5. e3 g6 6. Bb2
Bg7 7. Be2 Nc6 8. c4 Nxd4 9. Qxd4 Bd7 10. O-O O-O 11. Rd1 Bc6 12. Qd2 d5 13.
cxd5 Qxd5 14. Qxd5 Nxd5 15. Bxg7 Kxg7 16. Bf3 Rfd8 17. Bxd5 Rxd5 18. Rxd5 Bxd5
19. Nc3 Bc6 20. f3 Rd8 21. Rd1 Rxd1+ 22. Nxd1 Kf6 {1/2-1/2 (22) Medvegy,Z 
(2560)-Mihok,O (2451) Budapest 2013}) 5... d5 {[%emt 0:11:29]} 6. Bg2 {[%emt 0:
01:03]} e5 $1 {[%emt 0:00:27][%csl Gd5,Ge5] Les Noirs répondent de manière
classique au début un peu douteux des Blancs en prenant le centre} 7. Nf3 {
[%emt 0:00:06]} Bb4+ $1 $146 {[%emt 0:00:33] Gagne un tempo car il est
difficile de justifer le coup b3 après l'échange des B de cases Noires} (7...
Nc6 8. O-O Bf5 9. Nh4 Be6 10. Bg5 Be7 11. Nf3 h6 12. Bd2 O-O 13. Be1 Rc8 14. c3
Nh7 15. Kh1 f5 16. Ng1 e4 17. e3 Ne5 18. Ne2 g5 19. Nd4 Bd7 20. Nd2 g4 21. Rc1
Ng5 22. c4 Qe8 23. Ne2 Nd3 24. Rc2 Nf3 25. Bxf3 gxf3 26. Nf4 Nxf4 27. exf4 d4
28. Nxf3 Qh5 29. Rd2 Qxf3+ 30. Qxf3 exf3 31. Rxd4 Bc6 32. Bd2 Bc5 33. Rd3 Rcd8
34. Rxd8 Rxd8 35. Bc3 Bxf2 36. Be1 Bxe1 {0-1 (36) Hueltner,E-Ewald,A Germany
1998}) 8. Bd2 {[%emt 0:01:01]} Bxd2+ {[%emt 0:04:36]} 9. Qxd2 {[%emt 0:00:09]}
Nc6 $11 {[%emt 0:00:13][%csl Gd5,Ge5]} 10. O-O {[%emt 0:01:10]} O-O {[%emt 0:
00:17]} (10... h6 $5 11. Rd1 Be6) 11. Rd1 {[%emt 0:01:17]} Qe7 {[%emt 0:03:00]}
12. c3 {[%emt 0:05:05][%csl Rb1] Le début des Blancs commence à mal tourner}
Bg4 {[%emt 0:06:37]} (12... Rd8) 13. h3 {[%emt 0:01:24]} Bf5 {[%emt 0:01:22]}
14. Qe3 {[%emt 0:04:15]} h6 {[%emt 0:10:50][%cal Gf5h7]} (14... Rfe8 15. Nbd2
Rad8 {Et les Noirs ont un jeu facile}) 15. Nbd2 {[%emt 0:02:13]} Qe6 {[%emt 0:
33:05] Les Noirs ont dépensé plus d'une 1/2 heure sur cette position} (15...
Rad8) 16. g4 {[%emt 0:01:17]} Bc2 $1 {[%emt 0:00:24]} 17. Rdc1 {[%emt 0:01:13]
[%csl Ra1]} Bh7 {[%emt 0:01:16]} 18. Nf1 {[%emt 0:01:34][%cal Gf1g3]} Ne4 {
[%emt 0:01:20]} 19. N1d2 {[%emt 0:10:13]} Rad8 {[%emt 0:06:34]} 20. Nxe4 {
[%emt 0:00:38]} Bxe4 {[%emt 0:00:28]} 21. c4 $1 {[%emt 0:01:24]} Rd7 {[%emt 0:
03:37]} 22. cxd5 {[%emt 0:01:39]} Bxd5 {[%emt 0:00:01]} 23. Rc5 {[%emt 0:08:57]
} b6 {[%emt 0:00:42]} (23... Rfd8) 24. Rc3 {[%emt 0:13:14]} Re8 {[%emt 0:00:06]
} 25. Rd1 {[%emt 0:04:27]} Bxf3 $1 {[%emt 0:02:45]} 26. Rxd7 {[%emt 0:00:05]}
Bxg2 {[%emt 0:00:06]} 27. Rd1 {[%emt 0:01:17]} Bd5 {[%emt 0:00:37][%csl Gd5,
Rh3] Le roque Blanc est un peu affaibli et les Noirs ont l'initiative} 28. Qd3
{[%emt 0:00:49]} Nd4 $1 $40 {[%emt 0:00:26]} 29. f4 {[%emt 0:04:35]} (29. e3 $2
Nf3+ 30. Kf1 Nh2+ 31. Ke2 Bf3+ 32. Kd2 e4 $19) 29... Bb7 {[%emt 0:02:07][%cal
Ge6d5]} 30. Rc7 {[%emt 0:01:24]} Qd5 {[%emt 0:01:07]} 31. e4 $1 {[%emt 0:00:03]
} Qxe4 {[%emt 0:00:13]} 32. Qxe4 {[%emt 0:00:02]} Bxe4 {[%emt 0:00:06]} 33.
fxe5 {[%emt 0:00:03]} Nc6 {[%emt 0:01:34]} 34. Rdd7 $13 {[%emt 0:00:46][%csl
Gc7,Gd7]} Nxe5 {[%emt 0:01:05]} 35. Re7 {[%emt 0:00:03]} Rxe7 {[%emt 0:00:26]}
36. Rxe7 {[%emt 0:00:02]} f6 {[%emt 0:00:13]} 37. Rxa7 {[%emt 0:00:03][%csl
Ga7]} Kh7 {[%emt 0:00:33]} 38. a4 {[%emt 0:01:27]} Bd5 {[%emt 0:01:11]} 39. b4
{[%emt 0:00:41]} Nc6 {[%emt 0:00:39]} 40. Rb7 {[%emt 0:00:00]} Bb3 {[%emt 0:00:
00]} 41. a5 {[%emt 0:02:47]} (41. Rxb6 Bxa4 42. Kf2) 41... bxa5 {[%emt 0:05:59]
} 42. bxa5 {[%emt 0:00:07]} Bc4 {[%emt 0:06:07]} (42... Nxa5 43. Rb5 {[%csl
Ra5,Rb3]}) 43. a6 {[%emt 0:00:08]} h5 {[%emt 0:04:17]} 44. Rb6 {[%emt 0:03:27]}
Na7 {[%emt 0:04:08]} 45. gxh5 {[%emt 0:01:44]} Kh6 {[%emt 0:00:14]} 46. Kh2 {
[%emt 0:00:09]} (46. Kf2) 46... Kxh5 {[%emt 0:04:14]} 47. Rb7 {[%emt 0:00:06]}
Nc6 {[%emt 0:00:36]} 48. a7 {[%emt 0:02:27]} Nxa7 {[%emt 0:00:07]} 49. Rxa7 {
[%emt 0:00:03]} g5 {[%emt 0:00:34]} 1/2-1/2